| 000 | 005860000a22001810004500 | ||
|---|---|---|---|
| 003 | MACL | ||
| 005 | 20160226152931.0 | ||
| 008 | 160226b xxu||||| |||| 00| 0 eng d | ||
| 040 |
_aMACL _cMACL |
||
| 041 | _aHindi | ||
| 082 | _a800 | ||
| 100 |
_aभगवतीप्रसाद सिंह _940704 |
||
| 245 | _aहिन्दी साहित्य अनिष्दृष्ट शोध भूमियॉ | ||
| 260 |
_bराजकमल प्रकाशन _c1977 _aपटना |
||
| 350 | _a40 | ||
| 650 |
_aLiteracture _939932 |
||
| 942 |
_cHIN _k800 _2ddc |
||
| 999 |
_c27033 _d27033 |
||